| 000 | 01186cam a2200277 a 4500 | ||
|---|---|---|---|
| 005 | 20180803170358.0 | ||
| 008 | 990728s1998 ck r 00010 spa d | ||
| 022 | _a0123-2401 | ||
| 040 |
_ala _cla _dCO-BoIAVH |
||
| 041 | 0 | _aspa | |
| 044 | _ack | ||
| 082 | 0 | 4 |
_a354.33071 _bM66m11 |
| 111 | 2 |
_aCurso Fundamentos Sociales para la Participación Ambiental, _c(Medellín : _d1998) |
|
| 245 | 0 | 0 |
_aFundamentos sociales para la participación ambiental : _bmemorias |
| 260 |
_aSanta Fe de Bogotá : _bMinisterio del Medio Ambiente : _bICFES, _c1998. |
||
| 300 |
_a187, [1] páginas ; _c24 x 17 cm. |
||
| 490 | 0 |
_aMemorias ; _v16 |
|
| 500 | _aEn "Proyecto capacitación para profesionales del sector ambiental". | ||
| 504 | _aIncluye referencias bibliográficas. | ||
| 650 | 2 | 6 |
_aMedio ambiente _xAspectos sociales _zColombia |
| 650 | 2 | 6 |
_aProtección ambiental _xParticipación comunitaria _zColombia |
| 650 | 2 | 6 |
_aEducación ambiental _xParticipación comunitaria _zColombia |
| 710 | 2 | _aInstituto Colombiano para el Fomento de la Educación Superior - ICFES | |
| 710 | 1 |
_aColombia _bMinisterio del Medio Ambiente |
|
| 942 |
_2ddc _cLIBRO |
||
| 999 |
_c19428 _d19428 |
||